Jogadores do Flamengo campeões da CONMEBOL Libertadores 2019 - Statistics

Estatísticas Gerais
  • Esse quiz foi jogado 1 626 vezes
  • A pontuação média é 20 de 31
Estatísticas das Respostas
Camisa Posição País Jogador % Correto
9 Atacante Brasil Gabriel Barbosa
99%
10 Meia Brasil Diego
97%
14 Meia Uruguai Giorgian De Arrascaeta
96%
1 Goleiro Brasil Diego Alves
95%
27 Atacante Brasil Bruno Henrique
92%
3 Zagueiro Brasil Rodrigo Caio
91%
24 Zagueiro Espanha Pablo Marí
90%
7 Meia Brasil Everton Ribeiro
88%
15 Meia Brasil Gerson
88%
Treinador Portugal Jorge Jesus
88%
18 Lateral Brasil Rafinha
88%
5 Volante Brasil Willian Arão
87%
21 Lateral Brasil Filipe Luís
84%
2 Lateral Brasil Rodinei
81%
11 Atacante Brasil Vitinho
71%
6 Lateral Brasil Renê
70%
12 Goleiro Brasil César
69%
28 Atacante Colômbia Orlando Berrío
61%
25 Volante Paraguai Piris da Motta
60%
19 Meia/Atacante Brasil Reinier
60%
20 Atacante Brasil Lincoln
56%
4 Zagueiro Brasil Rhodolfo
47%
26 Zagueiro Brasil Matheus Thuler
43%
22 Goleiro Brasil Gabriel Batista
39%
17 Volante Brasil Hugo Moura
29%
13 Meia Brasil Vinicius Souza
25%
16 Lateral Brasil João Lucas
23%
23 Atacante Brasil Lucas Silva
21%
8 Meia Brasil Pepê
19%
29 Atacante Brasil Vitor Gabriel
19%
30 Zagueiro Brasil Dantas
18%
Nenhum quiz correspondente encontrado
Distribuição das Pontuações
Porcentagem de Pessoas com Cada Pontuação
Percentil de Números Respondidos
Sua Pontuação Histórica
Você não jogou esse quiz